|
|
|
|
| LEADER |
00000nam0a2200000 4500 |
| 001 |
359838 |
| 005 |
20231102011226.0 |
| 010 |
|
|
|a 5265010351
|
| 035 |
|
|
|a (RuTPU)RU\TPU\retro\17143
|
| 090 |
|
|
|a 359838
|
| 100 |
|
|
|a 20210120d1989 m y0rusy50 ca
|
| 101 |
0 |
|
|a rus
|
| 102 |
|
|
|a RU
|
| 105 |
|
|
|a a z 000ab
|
| 200 |
1 |
|
|a Жизнь Бунина, 1870-1906
|a Беседы с памятью
|f В. Н. Муромцева-Бунина
|g сост. А. К. Бабореко
|
| 210 |
|
|
|a Москва
|c Советский писатель
|d 1989
|
| 215 |
|
|
|a 512 с.
|c ил.
|
| 330 |
|
|
|a Это увлекательное и талантливое повествование основано на архивных данных и личных воспоминаниях автора.
|
| 600 |
|
1 |
|a Бунин
|g Иван Алексеевич
|b И. А.
|c русский писатель
|f 1870-1953
|c нобелевский лауреат (1933)
|2 stltpush
|3 (RuTPU)RU\TPU\pers\99
|
| 606 |
1 |
|
|a Русская литература, дореволюционная
|x История и критика
|2 stltpush
|3 (RuTPU)RU\TPU\subj\26372
|9 50315
|
| 610 |
1 |
|
|a художественная литература
|
| 610 |
1 |
|
|a биография
|
| 610 |
1 |
|
|a мемуары
|
| 610 |
1 |
|
|a писатели
|
| 610 |
1 |
|
|a воспоминания
|
| 675 |
|
|
|a 8Р1(092)
|v 4
|
| 700 |
|
1 |
|a Муромцева-Бунина
|b В. Н.
|g Вера Николаевна
|
| 702 |
|
1 |
|a Бабореко
|b А. К.
|c российский литературовед
|c исследователь русской классической литературы
|f 1913-1999
|g Александр Кузьмич
|2 stltpush
|3 (RuTPU)RU\TPU\pers\16969
|4 220
|9 6157
|
| 801 |
|
1 |
|a RU
|b 63413507
|c 20210120
|
| 801 |
|
2 |
|a RU
|b 63413507
|c 20220120
|g RCR
|
| 942 |
|
|
|c BK
|